000 01190pac a2200385 ia4500
001 vtls000886028
003 PNM
005 20201215104923.0
008 190919t20202020my ao jr 000 0 may
015 _aM20-02185
020 _a9789672157304
_qset
020 _a9789672157328
_cRM38.16
_qpaperback
039 9 _a202006011407
_bsham
_c202006011407
_dsham
_c202003101539
_dmaulidiah
_c202003101528
_dmaulidiah
040 _aBNM
_beng
_cBNM
_erda
_dPPAK
049 _amal
082 0 4 _a796
_223
090 0 0 _a796
_bMOH
_dK
100 0 _aMohd. Firdaus,
_eauthor.
245 1 0 _aMemahami Sains Sukan /
_cMohd Firdaus
264 1 _aSeri Kembangan, Selangor :
_bPustaka Kelisa,
_c[2020]
264 4 _c©2020
300 _a48 pages :
_bcolour illustrations, colour photographs ;
_c30 cm.
336 _atext
_2rdacontent
337 _aunmediated
_2rdamedia
338 _avolume
_2rdacarrier
490 1 _aAplikasi Sains Menuju Sukan Olimpik
500 _aIncludes questions and exercises
650 1 0 _aSports sciences
650 2 0 _aSports
830 0 _aAplikasi sains menuju sukan olimpik
942 _2ddc
_cB
949 _62000681596
949 _62000681597
949 _62000681598
999 _c180588
_d180588